000 00580nam a2200229Ia 4500
003 OSt
005 20220928105648.0
006 a|||||r|||| 00| 0
007 ta
008 220927b |||||||| |||| 00| 0 eng d
024 _a50128
037 _cTextual
040 _aSDCL
_cSDCL
_beng
041 _2eng
_aeng
082 _aO72,3, N6
100 _aVevaina Coomi
_9416250
245 0 _aRe/ Membering selves.
260 _aNew Delhi
_bCreative Book
_c1996
300 _a378p.
_ccm.
942 _hO72,3, N6
_cTEXL
_2CC
999 _c732165
_d732165